000 00811nam a22002417a 4500
003 KOHA_MİRAKIL
005 20260428085229.0
008 260427b tu ||||| |||| 00| 0 tur d
020 _a9786055525156
040 _aTR-AnABB
_btur
_cTR-AnABB
041 _atur
082 _a307.120 949 61
_bTRA 2010
245 0 0 _aTrakya direniyor :
_bİstanbul'un işgaline /
_cderleyen : Osman İnci
246 _aTrakya direniyor
260 _aİstanbul :
_bCumhuriyet Kitapları,
_c2010
300 _a460 sayfa ;
_c20 cm.
500 _aYayına hazırlayan tarafından Prof. Dr. Ruşen Keleş için imzalanmıştır
650 0 4 _aBölgesel planlama, Trakya bölgesi
650 0 4 _aBölgesel planlama
700 1 _aİnci, Osman,
_ehazırlayan
_91
900 _bCan ÇELIK
942 _2ddc
_cBK
999 _c10335
_d10335